General Knowledge #1 - Statistics

General Stats
  • This quiz has been taken 26 times
  • The average score is 9 of 10
Answer Stats
Hint Answer % Correct
Where are the Pyramids of Giza? Egypt
100%
Who is the owner of X (previously known as twitter)? Elon Musk
100%
What is the smallest country in the world? Vatican City
100%
How many capital cities does South Africa have? 3
96%
What is the most populated country in the world? India
96%
Who ran against Donald Trump in 2024 for presidency? Kamala Harris
96%
Who was the first female prime minister of the United Kingdom? Margaret Thatcher
88%
What is the largest country in Africa? Algeria
84%
How many countries are in Oceania? 14
80%
What language is spoken in Philippines? Tagalog
80%
No matching quizzes found
Score Distribution
Percent of People with Each Score
Percentile by Number Answered
Your Score History
You have not taken this quiz